000 00737nam a2200205Ia 4500
003 GCL
008 140319s9999 xx 000 0 ara d
040 _aGCL /
_cGCL
082 0 4 _a320.5
_bم ا
100 1 _aمالك عبيد ابوشهيوة
245 1 0 _aالايديولوجياوالسياسة: دراسات فى الايديولوجيات السياسية المعاصرة /
_cمالك عبيد ابوشهيوة
700 1 _aمحمود محمد خلف
700 1 _aمصطفى عبدالله خشيم
300 _a471 ص
490 _aالهيئة العامة للاستعلامات
_v0
650 0 4 _aالماركسية
650 0 4 _aالليبرالية
650 0 4 _aالمذاهب السياسية
942 _2ddc
_cBK
999 _c47739
_d47739